<?xml version="1.0" encoding="UTF-8"?>
<collection xmlns="http://www.loc.gov/MARC21/slim">
 <record>
  <leader>00981nam a22001697a 4500</leader>
  <controlfield tag="001">1/28550</controlfield>
  <controlfield tag="008">051005s19931993lu a   g b    00010 gre  </controlfield>
  <datafield tag="020" ind1=" " ind2=" ">
   <subfield code="a">928265575Χ</subfield>
  </datafield>
  <datafield tag="035" ind1=" " ind2=" ">
   <subfield code="l">30471</subfield>
  </datafield>
  <datafield tag="082" ind1="0" ind2="0">
   <subfield code="a">ΚΕΤ 331.2'094 ΜΕΡ</subfield>
  </datafield>
  <datafield tag="245" ind1="0" ind2="2">
   <subfield code="a">Η μερική απασχόληση στην ευρωπαΐκή κοινότητα :</subfield>
   <subfield code="b">οικονομικές και κοινωνικές όψεις.</subfield>
  </datafield>
  <datafield tag="260" ind1="0" ind2=" ">
   <subfield code="a">Λουξεμβούργο :</subfield>
   <subfield code="b">Υπηρεσία Eπίσμων Eκδόσεων των Eυρωπαϊκών Kοινοτήτων,</subfield>
   <subfield code="c">1993.</subfield>
  </datafield>
  <datafield tag="300" ind1=" " ind2=" ">
   <subfield code="a">64 σ. :</subfield>
   <subfield code="b">εικ. ;</subfield>
   <subfield code="c">21 εκ.</subfield>
  </datafield>
  <datafield tag="500" ind1=" " ind2=" ">
   <subfield code="a">Περιέχει βιβλιογραφία.</subfield>
  </datafield>
  <datafield tag="650" ind1=" " ind2="4">
   <subfield code="a">Απασχόληση (Οικονομική θεωρία).</subfield>
  </datafield>
  <datafield tag="710" ind1="2" ind2=" ">
   <subfield code="a">Ευρωπαϊκό Ιδρυμα για τη Βελτίωση των Συνθηκών Διαβίωσης και Εργασίας.</subfield>
  </datafield>
  <datafield tag="852" ind1=" " ind2=" ">
   <subfield code="a">INST</subfield>
   <subfield code="b">UNIPILB</subfield>
   <subfield code="c">KET</subfield>
   <subfield code="e">20051006</subfield>
   <subfield code="h">ΚΕΤ 331.2'094 ΜΕΡ</subfield>
   <subfield code="p">00146678</subfield>
   <subfield code="q">00146678</subfield>
   <subfield code="t">LOAN</subfield>
   <subfield code="y">0</subfield>
   <subfield code="4">1</subfield>
  </datafield>
 </record>
</collection>
